[Event "Privatkamp mot Eidsvoll 2013"]
[Site "Bøn, Eidsvoll, Akershus NOR"]
[Date "2013.05.07"]
[Round "1.1"]
[White "Lea, Per"]
[Black "Aasgaard, Frode"]
[Result "1-0"]
[WhiteElo "1655"]
[BlackElo "1607"]
[Annotator "Lea, Per"]
[PlyCount "113"]
[EventDate "2013.05.07"]
[WhiteTeam "Follo"]
[BlackTeam "Eidsvoll"]

1. e4 c5 2. Nf3 Nc6 3. d4 cxd4 4. Nxd4 e5 5. Nb5 d6 6. N1c3 a6 7. Na3 Nf6 ({
En vanligere trekkrekkefølge er} 7... b5 8. Nd5 Nf6 9. Bg5 Be7 10. Bxf6 Bxf6
11. c3 O-O {- bare spør Torstein!}) 8. Bg5 Be7 ({Også her er det mer vanlig med
} 8... b5) 9. Bxf6 Bxf6 10. Nd5 b5 {- og dermed er vi tilbake i hovedvarianten!
} 11. c3 O-O 12. Nc2 Bb7 {Ikke det vanligste, men heller ikke lett å straffe.}
({Vanligere er} 12... Bg5) 13. Nce3 {Klisjemessig kanskje?} ({
De fleste (og de beste?) anbefaler} 13. a4 bxa4 14. Rxa4 Bg5 15. Bc4 {
Det kan virke fristende med en lang løperdiagonal som peker rett mot den hvite
kongen etter en eventuell rokade, men det er mulig det er vel så fornuftig å
ha den i c8-h3-diagonalen for å understøtte et framstøt med f-bonden.}) 13...
Bg5 14. h4 $2 {En primitiv felle som hvit burde holdt seg unna} Bxe3 (14...
Bxh4 15. Qh5 h6 16. Qxh4 $18) 15. Nxe3 Ne7 16. Qc2 (16. f3) ({og} 16. Qg4 {
har også vært forsøkt, men uansett har svart en litt bedre stilling. Jeg satte
min lit til at den svake bonden på d6 skulle utgjøre et problem for svart - og
det fikk jeg på en måte rett i...}) 16... Rc8 $2 ({
Bedre å kvitte seg med den svake bonden med en gang:} 16... d5 17. Nxd5 Nxd5
18. Rd1 Ne3 19. fxe3 Qb6 20. Bd3 Qxe3+ 21. Qe2 Qb6 {og svart står en smule
bedre. Når det er sagt: jeg vet ikke om jeg kjøper 100% silisiumhjernenes
vurderibg av teksttrekket.}) 17. a3 {Jeg ville for enhver pris unngå at svart
fikk spilt b4, fordi jeg trodde at jeg måtte svare med c4, hvoretter svart får
et kjempefelt til sin springer på d4.} Qb6 ({Igjen var} 17... d5 {bedre:} 18.
exd5 Nxd5 19. O-O-O Nxe3 20. Rxd8 Nxc2 21. Rxc8 Rxc8 22. Kxc2) 18. Qd3 $2 {
For å komme ut av bindingen med en gang. Svart kan tvinge gjennom b4-bruddet
etter å ha spilt a6-a5.} (18. Bd3 Rfd8 19. O-O d5 20. exd5 g6 21. Rfe1 Bxd5 22.
Nxd5 Rxd5 23. Be4 $11) 18... Rcd8 {Sannsynligvis feil tårn. Det må være bedre
å beholde den halv-åpne c-linja siden det ikke er realistisk å få spilt f7-f5
med det første.} 19. Nd5 Nxd5 20. exd5 f5 ({
Siden hvits konge står på e1, kan svart like godt spille} 20... e4 21. Qe3
Qxe3+ 22. fxe3 Bxd5) 21. Rd1 f4 22. Qe4 Bc8 $1 23. Rd2 Bf5 24. Qf3 Bg6 25. g3
$2 {Ikke lett å finne noe godt for hvit her!} (25. h5 e4 26. Qg4 e3 27. Rd4
exf2+ 28. Kd2) (25. Be2 e4 26. Qg4 {var to alternativer, men jeg syntes ikke
det så særlig fristende ut med så nærgående svarte bønder.}) 25... e4 $1 26.
Qg4 e3 27. fxe3 $2 (27. Rd4 {
gir litt større muligheter for motspill.men svart står allikevel til vinst:}
exf2+ 28. Kxf2 Bf5 29. Qd1 Be4) 27... Qxe3+ ({Etter partiet forslo svart} 27...
fxe3 {men han får ingen støtte av Critter 1.6.}) (27... Rde8 {
var også en mulighet, med mottoet: "En trussel er farligere enn utførelsen"})
28. Re2 Qc1+ 29. Kf2 f3 30. Qe6+ $4 {I den tro at dette var et kjempetrekk -
en gedigen feilvurdering! Trøsten får være at det ikke var noen trekk som
ville reddet den hvite stillingen uansett.} Bf7 $2 {Sperrer f-linja for tårnet,
slik at det ikke blir avdekkerjakk når svart slår tårnet på e2} (30... Kh8 {
Svart vinner lett etter:} 31. Re3 Qd2+ ({Bedre enn:} 31... Qxb2+) 32. Kg1 Rde8
33. Qxe8 Bxe8) 31. Qe3 Qxe3+ $4 (31... Qb1 32. Rd2 Rde8 {
er fremdeles vinst for svart}) 32. Rxe3 {Plutselig har hvit utliknet} Bxd5 33.
Bh3 Rfe8 34. Rhe1 Rxe3 35. Rxe3 Kf7 36. Bg4 g6 37. Bxf3 Bxf3 38. Kxf3 h5 39.
Ke4 Re8+ 40. Kd4 Rxe3 41. Kxe3 Ke6 42. Ke4 (42. Kd4 {vinner muligens} g5 43.
hxg5 Kf5 44. b3 Kxg5 45. c4 bxc4 46. b4 {men det er ikke lett å beholde
oversikten, spesielt ikke når tidsnøden begynner å gjøre seg gjeldende}) 42...
a5 $4 {Nå er det plutselig hvit som står til vinst!} (42... d5+ 43. Kd4 {
blir remis ved best spill fra begge parter}) 43. b3 d5+ {
Endelig begynner den svake bonden å røre på deg, men nå er det for seint.} 44.
Kd4 Kd6 45. a4 bxa4 46. bxa4 Kc6 47. c4 dxc4 48. Kxc4 Kd6 49. Kb5 Kd5 50. Kxa5
Kc5 {Uten bøndene på kongefløyen, hadde det vært remis nå: enten blir hvit
patt, eller så mister han a-bonden og det er bare 2 konger igjen på brettet.
Men med flere bønder igjen, taper den som må bruke tid på å stoppe en fjern
fribonde.} 51. Ka6 Kc6 {Svart er i trekktvang. og hvits konge slipper ut.} 52.
a5 Kc7 53. Kb5 Kb7 54. Kc5 Ka6 55. Kd5 Kxa5 56. Ke6 g5 57. hxg5 {Svart ga opp}
1-0

[Event "Privatkamp mot Eidsvoll 2013"]
[Site "Bøn, Eidsvoll, Akershus NOR"]
[Date "2013.05.07"]
[Round "1.2"]
[White "Mannerud, Arne"]
[Black "Høva, Frode"]
[Result "1/2-1/2"]
[WhiteElo "1583"]
[BlackElo "1597"]
[PlyCount "47"]
[WhiteTeam "Eidsvoll"]
[BlackTeam "Follo"]

1. d4 Nf6 2. Nf3 g6 3. b3 Bg7 4. Bb2 O-O 5. e3 b6 6. Nbd2 Bb7 7. Be2 d6 8. O-O
Nbd7 9. c4 d5 10. Rb1 c5 11. a3 cxd4 12. exd4 Qc7 13. Re1 Rad8 14. Qc2 Rc8 15.
Bd3 e6 16. a4 Qf4 17. g3 Qg4 18. Be2 dxc4 19. bxc4 Bh6 20. Ne5 Qh3 21. Bf1 Qh5
22. Be2 Qh3 23. Bf1 Qh5 24. Be2 1/2-1/2

[Event "Privatkamp mot Eidsvoll 2013"]
[Site "Bøn, Eidsvoll, Akershus NOR"]
[Date "2013.05.07"]
[Round "1.3"]
[White "Furnes, Torstein"]
[Black "Posaasen, Steinar"]
[Result "1-0"]
[WhiteElo "1595"]
[BlackElo "1516"]
[Annotator "Furnes, Torstein"]
[PlyCount "53"]
[WhiteTeam "Follo"]
[BlackTeam "Eidsvoll"]

1. d4 Nf6 2. c4 e6 3. Nc3 d5 4. Bg5 Be7 5. e3 O-O 6. Nf3 h6 7. Bf4 ({
Det er langt vanligere å spille} 7. Bh4) 7... Nh5 8. Bg3 Nxg3 9. hxg3 Nc6 $146
{En nyhet som ikke finnes i den store online databasen chesslive.de.} 10. cxd5
exd5 11. Qb3 Bb4 12. O-O-O Bxc3 13. Qxc3 Bf5 14. Bd3 Bxd3 15. Qxd3 Qd6 16. Rh5
Rae8 (16... Rac8) 17. Rdh1 (17. g4) 17... Ne7 (17... Rc8) 18. Ne5 (18. g4)
18... f5 (18... Ng6) 19. g4 fxg4 20. Nxg4 Ng6 (20... Qe6 21. f3 Nf5) 21. Rxd5
$1 Qc6+ (21... Qxd5 22. Nxh6+ Kh7 (22... gxh6 $4 23. Qxg6+ Kh8 24. Rxh6#) 23.
Ng4+ Kg8 24. Qxg6 Qc6+ 25. Qxc6 bxc6 26. Rh5 {
og Fritz 10 vurderer hvits fordel til å være verd ca. +1.75.}) (21... Qe6 22.
f3 Qxd5 23. Nxh6+ Kh7 24. Ng4+ Kg8 25. Qxg6 Qc6+ 26. Qxc6 bxc6 27. Rh5 {
vurderer Fritz 10 til hvit fordel på ca. +1.9.}) 22. Rc5 Qe4 $2 ({
Svart bør spille} 22... Qxg2 23. Qd1) 23. Qc4+ Rf7 24. Rxc7 Ree7 25. Rc8+ Kh7 (
25... Re8 26. Rxe8+ Qxe8 27. Rxh6 $1 Ne7 (27... gxh6 $2 28. Nf6+ Kf8 29. Nxe8))
(25... Nf8 26. Rxh6 $1 Re8 (26... gxh6 $2 27. Nf6+ Kg7 28. Nxe4)) 26. Rxh6+ $1
gxh6 27. Nf6+ ({Svart ga opp. Han taper dronningen etter} 27. Nf6+ Kg7 (27...
Rxf6 $2 28. Qg8#) 28. Nxe4 Rxe4 29. Rc7) 1-0

[Event "Privatkamp mot Eidsvoll 2013"]
[Site "Bøn, Eidsvoll, Akershus NOR"]
[Date "2013.05.07"]
[Round "1.4"]
[White "Hammerstad, Odd"]
[Black "Moberg, Jan Rune"]
[Result "1-0"]
[WhiteElo "1596"]
[BlackElo "1541"]
[PlyCount "36"]
[EventDate "2013.05.07"]
[WhiteTeam "Eidsvoll"]
[BlackTeam "Follo"]

1. e4 e5 2. Bc4 d6 3. d3 c6 4. a4 Be7 5. Nc3 Nf6 6. Nf3 Nbd7 7. a5 O-O 8. O-O
Qc7 9. Re1 Nc5 10. Be3 Ne6 11. h3 Ne8 12. d4 exd4 13. Nxd4 Bf6 14. Qd2 Nxd4 15.
Bxd4 Be6 16. Bxf6 Bxc4 17. Bh4 f6 18. Qd4 Bf7 1-0

[Event "Privatkamp mot Eidsvoll 2013"]
[Site "Bøn, Eidsvoll, Akershus NOR"]
[Date "2013.05.07"]
[Round "1.5"]
[White "Garmark, Vegard"]
[Black "Mannerud, Jan"]
[Result "1-0"]
[WhiteElo "1192"]
[BlackElo "1535"]
[Annotator "Lea, Per"]
[PlyCount "69"]
[EventDate "2013.05.07"]
[WhiteTeam "Follo"]
[BlackTeam "Eidsvoll"]

1. d4 d5 2. c4 dxc4 3. e4 {Her burde en av de hvite springerne vært spilt ut i
stedet. Svart kunne fått et visst initiativ, men lot sjansen gå fra seg.} e6 ({
Svart kunne fått initiativet etter} 3... e5) 4. Bxc4 Nf6 5. Nc3 Nc6 {
Ikke noe naturlig sted for springeren} (5... c5 {var mer aktivt}) 6. Nf3 Be7 7.
O-O O-O 8. e5 Nd5 9. Nxd5 {Gir fra seg initiativet} exd5 10. Bb5 Bd7 11. Be3 a6
12. Ba4 b5 13. Bc2 Bg4 14. h3 Bh5 15. Bf5 (15. Bxh7+ Kxh7 16. Qc2+ Kg8 17. Qxc6
{vinner en bonde, men svart kan velge om han vil beholde løperparet eller
svekke hvits kongestilling}) 15... Bg6 16. Bxg6 fxg6 {Hovedregelen - "slå inn
mot sentrum" -gjelder også her. Altså var det bedre å slå med h-bonden.} 17.
Rc1 Na5 18. b3 Rc8 19. Bd2 Nb7 (19... c6 {
Var nok bedre. Springeren står vel enda dårligere på b7 enn på a5.}) 20. Rc6 a5
21. Qc2 Qd7 22. e6 Qd8 23. Rc1 Bd6 24. Bg5 Qe8 25. e7 Rf7 26. Ne5 Rf5 27. Bh4
Rf4 28. Nf3 Rxh4 29. Nxh4 Qxe7 30. Nf3 b4 31. Rb6 Nd8 32. Rb5 Qe6 33. Rxa5 (33.
Re1 {var enda bedre}) 33... Nf7 34. Qc6 Bf4 $4 35. Qxe6 1-0

[Event "Privatkamp mot Eidsvoll 2013"]
[Site "Bøn, Eidsvoll, Akershus NOR"]
[Date "2013.05.07"]
[Round "1.6"]
[White "Bakke, Per Bjørn"]
[Black "Stensland, Martin"]
[Result "1-0"]
[WhiteElo "1482"]
[BlackElo "1153"]
[Annotator "Lea, Per"]
[PlyCount "63"]
[EventDate "2013.05.07"]
[WhiteTeam "Eidsvoll"]
[BlackTeam "Follo"]

1. d4 d5 2. c4 c6 3. Nc3 Nf6 4. Nf3 Bg4 5. h3 Bh5 6. Bf4 e6 7. c5 Nbd7 8. b4 h6
9. e3 Be7 10. Be2 Bg6 11. O-O O-O 12. b5 Qa5 13. Qd2 Ne4 $4 {
Tellefeil. Springeren kan også gå bakover...} 14. Nxe4 b6 15. Qxa5 bxa5 16. Nc3
cxb5 17. Bxb5 Nf6 18. Ne5 a6 19. Nxg6 fxg6 20. Ba4 g5 21. Be5 h5 22. Rab1 h4
23. Rb7 Rf7 24. Rfb1 g4 25. Bxf6 Bxf6 26. hxg4 Raf8 27. Rxf7 Rxf7 28. Rb8+ Kh7
29. c6 Rc7 30. Rb7 Re7 31. Rxe7 Bxe7 32. c7 1-0

[Event "Privatkamp mot Eidsvoll mai 2012"]
[Site "Ås, Akershus NOR"]
[Date "2012.05.03"]
[Round "1.1"]
[White "Kvile, Odd M"]
[Black "Larsen, Joakim"]
[Result "0-1"]
[WhiteElo "1654"]
[BlackElo "1927"]
[PlyCount "74"]
[EventDate "2012.05.03"]
[WhiteTeam "Eidsvoll sjakklubb"]
[BlackTeam "Follo sjakkforening"]

1. e4 c5 2. Bc4 e6 3. Nc3 Nc6 4. Nf3 Nf6 5. O-O a6 6. d3 d5 7. exd5 exd5 8.
Re1+ Be7 9. Bb3 b5 10. a3 d4 11. Ne4 Nxe4 12. Rxe4 Bf5 13. Re1 O-O 14. Bf4 Bg4
15. h3 Bh5 16. g4 Bg6 17. Ne5 Nxe5 18. Bxe5 Kh8 19. Qe2 Bh4 20. Bg3 Bxg3 21.
fxg3 Qd7 22. Qe5 Rac8 23. Qd5 Qa7 24. Qd6 Rfd8 25. Re7 Qa8 26. Qf4 c4 27. dxc4
bxc4 28. Ba2 Qd5 29. Rae1 f6 30. Qf2 h5 31. gxh5 Qxh5 32. Kh2 d3 33. g4 Qh6 34.
cxd3 cxd3 35. Bb3 d2 36. Rg1 Rd3 37. Rg3 Rxb3 0-1

[Event "Privatkamp mot Eidsvoll mai 2012"]
[Site "Ås, Akershus NOR"]
[Date "2012.05.03"]
[Round "1.2"]
[White "Lea, Per"]
[Black "Posaasen, Steinar"]
[Result "0-1"]
[WhiteElo "1655"]
[BlackElo "1516"]
[Annotator "Lea,Per"]
[PlyCount "62"]
[EventDate "2012.05.03"]
[WhiteTeam "Follo sjakkforening"]
[BlackTeam "Eidsvoll sjakklubb"]

1. e4 c5 2. Nf3 Nc6 3. d4 cxd4 4. Nxd4 Nxd4 5. Qxd4 d6 6. Nc3 Nf6 7. Bg5 Nd7 8.
O-O-O h6 9. Bh4 $4 e5 10. Nb5 exd4 11. Bxd8 Kxd8 12. Rxd4 a6 13. Nxd6 Bxd6 14.
Rxd6 Ke7 15. Rd2 Nc5 16. Bc4 Be6 17. Bd5 Rad8 18. c4 Bxd5 19. cxd5 Rhe8 20. Re1
Kd6 21. f3 f5 22. b4 Nd7 23. Kb2 fxe4 24. fxe4 Nf6 25. Rde2 Re5 26. Kc3 Rde8
27. Kd3 R8e7 28. h3 b5 29. a3 Nh5 30. Rc2 Nf4+ 31. Kd4 Nxd5 0-1

[Event "Privatkamp mot Eidsvoll mai 2012"]
[Site "Ås, Akershus NOR"]
[Date "2012.05.03"]
[Round "1.3"]
[White "Aasgaard, Frode"]
[Black "Kielland-Lund, Jon"]
[Result "0-1"]
[WhiteElo "1607"]
[BlackElo "1625"]
[PlyCount "68"]
[EventDate "2012.05.03"]
[WhiteTeam "Eidsvoll sjakklubb"]
[BlackTeam "Follo sjakkforening"]

1. d4 d5 2. c4 c6 3. Nf3 Nf6 4. Nc3 dxc4 5. a4 Bf5 6. e3 e6 7. Bxc4 Nbd7 8. O-O
Bb4 9. Bd2 O-O 10. e4 Bxc3 11. exf5 Bxd2 12. Qxd2 exf5 13. Qg5 g6 14. Rfe1 Ne4
15. Qh6 Qf6 16. h4 Rae8 17. Re2 a5 18. Rae1 Re7 19. Ng5 Qg7 20. Qxg7+ Kxg7 21.
f3 h6 22. Nxf7 Nb6 23. Nd6 Rd7 24. fxe4 Rxd6 25. Bb3 Rxd4 26. exf5 Nd5 27. fxg6
Kxg6 28. Re6+ Rf6 29. h5+ Kf7 30. Re7+ Kf8 31. Rxb7 Rf7 32. Rb8+ Kg7 33. Re6
Nf4 34. Rxc6 Ne2+ 0-1

[Event "Privatkamp mot Eidsvoll mai 2012"]
[Site "Ås, Akershus NOR"]
[Date "2012.05.03"]
[Round "1.4"]
[White "Furnes, Torstein"]
[Black "Habberstad, Odd"]
[Result "0-1"]
[WhiteElo "1597"]
[BlackElo "1611"]
[PlyCount "86"]

1. d4 Nf6 2. c4 d6 3. Nf3 c6 4. Nc3 Nbd7 5. e4 e5 6. Be2 Be7 7. O-O a6 8. Re1
O-O 9. b4 Qc7 10. Qb3 Re8 11. d5 cxd5 12. cxd5 b5 13. Bd2 Nb6 14. Rac1 Qb8 15.
Rc2 Bd7 16. Rec1 Rc8 17. Bd3 Nc4 18. Ne2 Nxd2 19. Rxc8+ Bxc8 20. Nxd2 Bd7 21.
Rc3 Bd8 22. Qc2 $6 Bb6 {Svart truer Sg4 eller Da7 og hvit får problemer med å
forsvare bonden på f2. Eneste mulighet for å redde bonden er å spille Sg3
fulgt av Sh1.} 23. Kf1 (23. Ng3 Ng4 24. Nh1) 23... Ng4 24. h3 Nxf2 25. Nf3 Nxd3
26. Qxd3 Qd8 27. Ng3 g6 28. Qd2 Kg7 29. Ng5 Be8 30. h4 h6 31. Nf3 Rc8 32. h5
Rxc3 33. Qxc3 Qc7 34. Qd2 Qc4+ 35. Ke1 Bd7 36. hxg6 fxg6 37. Qb2 Kh7 38. a3 Bg4
39. Qd2 Bxf3 40. gxf3 Qb3 41. Qc1 Qxf3 42. Ne2 Qh1+ 43. Kd2 Qxc1+ 0-1

[Event "Privatkamp mot Eidsvoll mai 2012"]
[Site "Ås, Akershus NOR"]
[Date "2012.05.03"]
[Round "1.5"]
[White "Mannerud, Arne"]
[Black "Moberg, Jan Rune"]
[Result "0-1"]
[WhiteElo "1588"]
[BlackElo "1595"]
[PlyCount "80"]
[EventDate "2012.05.03"]
[WhiteTeam "Eidsvoll sjakklubb"]
[BlackTeam "Follo sjakkforening"]

1. d4 Nf6 2. Nf3 d6 3. e3 Nbd7 4. Nbd2 e5 5. dxe5 dxe5 6. e4 Be7 7. Bc4 c6 8.
a3 O-O 9. O-O Qc7 10. Qe2 b5 11. Ba2 a6 12. c4 Nc5 13. h3 Ne6 14. g3 Rd8 15.
cxb5 axb5 16. Bxe6 Bxe6 17. b4 Bxb4 18. Bb2 Bd6 19. Kg2 Rac8 20. Rfd1 h6 21.
Rac1 Qb8 22. Ne1 Nd7 23. g4 Nf8 24. Kh1 Ng6 25. Ng2 Be7 26. Nf3 Rxd1+ 27. Rxd1
c5 28. Qc2 c4 29. Ra1 f6 30. Bc3 Qa7 31. Qb2 Qa4 32. Nfh4 Nxh4 33. Nxh4 Rd8 34.
Qc1 Rd3 35. Kg2 Qb3 36. Bb4 Bxb4 37. axb4 c3 38. Nf5 Bxf5 39. gxf5 Qxb4 40. Qe1
Qd4 0-1

[Event "Privatkamp mot Eidsvoll mai 2012"]
[Site "Ås, Akershus NOR"]
[Date "2012.05.03"]
[Round "1.7"]
[White "Bakke, Per Bjørn"]
[Black "Olsen, Trygve"]
[Result "1-0"]
[WhiteElo "1482"]
[BlackElo "1251"]
[PlyCount "81"]
[EventDate "2012.05.03"]
[WhiteTeam "Eidsvoll sjakklubb"]
[BlackTeam "Follo sjakkforening"]

1. c4 c5 2. Nc3 e5 3. g3 Nf6 4. Bg2 Be7 5. e3 O-O 6. Nge2 Nc6 7. O-O d6 8. h3
Bf5 9. e4 Bg6 10. a3 a5 11. d3 h6 12. Be3 Nd4 13. Bxd4 cxd4 14. Nb1 Qb6 15. Qc2
a4 16. Nd2 Rfc8 17. Kh2 Nd7 18. f4 Nc5 19. Rfe1 d5 20. f5 Bh7 21. exd5 f6 22.
Ne4 Nxe4 23. Bxe4 Kh8 24. g4 Qa6 25. Qd2 Rab8 26. Rec1 b6 27. Rc2 Qa7 28. Nc1
b5 29. cxb5 Rxc2 30. Qxc2 Rxb5 31. Kg3 Rc5 32. Qd2 Qc7 33. b4 axb3 34. Nxb3 Rc2
35. Qa5 Qb8 36. Rb1 Ra2 37. Nd2 Qc8 38. Nc4 Rc2 39. d6 Bd8 40. Qa8 Qxa8 41.
Bxa8 1-0

[Event "Privatkamp mot Eidsvoll april 2011"]
[Site "Bøn, Eidsvoll, Akershus NOR"]
[Date "2011.04.12"]
[Round "1"]
[Board "1"]
[White "Lange, David"]
[Black "Kvile, Odd Martin"]
[Result "1-0"]
[WhiteElo "1810"]
[BlackElo "1654"]
[PlyCount "173"]
[EventDate "2011.04.12"]
[WhiteTeam "Follo"]
[BlackTeam "Eidsvoll"]

1. d4 c5 2. Nf3 cxd4 3. Nxd4 g6 4. g3 Bg7 5. Bg2 Nc6 6. c3 Nf6 7. O-O O-O 8.
Nd2 Qb6 9. N2f3 d6 10. Qb3 Qxb3 11. Nxb3 Bd7 12. Rd1 h6 13. Nbd4 Rae8 14. b3 a6
15. Bb2 Ne4 16. Rac1 f5 17. Nxc6 bxc6 18. Nd2 d5 19. Nxe4 fxe4 20. Bxe4 Bf5 21.
Bd3 Bxd3 22. exd3 Rf7 23. Rc2 Rf3 24. Kg2 Ref8 25. Ba3 R3f7 26. Re1 Re8 27. Re6
Rf6 28. Rxe7 Rxe7 29. Bxe7 Re6 30. Bc5 Kf7 31. d4 Bf6 32. Ba3 Re1 33. Bc1 h5
34. h4 Ke6 35. Bd2 Rd1 36. Bf4 Rd3 37. Re2+ Kf7 38. Re3 Rd1 39. Kf3 Ra1 40. Re2
Rd1 41. Be3 Rd3 42. Rc2 Rd1 43. Ke2 Rh1 44. c4 Ra1 45. cxd5 cxd5 46. Kd3 Rd1+
47. Kc3 Ke6 48. Rd2 Rc1+ 49. Kb2 Rc6 50. Rc2 Rb6 51. Rc5 Be7 52. Rc8 Kf5 53.
Kc3 Kg4 54. Kd3 Kf3 55. Rc7 Bb4 56. Rf7+ Kg2 57. Bd2 Ba3 58. Rc7 Kxf2 59. Bf4
Bd6 60. Rc2+ Kf3 61. Rc1 Bxf4 62. gxf4 Kxf4 63. Rg1 Re6 64. Rg5 Rd6 65. b4 Rb6
66. a3 Rd6 67. a4 Kf3 68. b5 axb5 69. axb5 Kf2 70. Kc3 Ke3 71. Re5+ Kf4 72. Kb4
Kg4 73. Kc5 Rf6 74. b6 Kxh4 75. b7 Rf8 76. Kxd5 g5 77. Kc6 g4 78. d5 g3 79. d6
g2 80. Re1 Rf1 81. b8=Q Rxe1 82. Qb4+ Kh3 83. Qxe1 h4 84. Qg1 Kg3 85. d7 h3 86.
d8=Q h2 87. Qd6+ 1-0

[Event "Privatkamp mot Eidsvoll april 2011"]
[Site "Bøn, Eidsvoll, Akershus NOR"]
[Date "2011.04.12"]
[Round "1"]
[Board "2"]
[White "Posaasen, Steinar"]
[Black "Lange, Holger"]
[Result "0-1"]
[WhiteElo "1516"]
[BlackElo "1660"]
[PlyCount "87"]
[EventDate "2011.04.12"]
[WhiteTeam "Eidsvoll"]
[BlackTeam "Follo"]

1. e4 c5 2. Nf3 Nc6 3. d4 cxd4 4. Nxd4 Nf6 5. Nc3 d6 6. Be2 e6 7. O-O Be7 8.
Re1 O-O 9. Bf1 Qb6 10. Nxc6 bxc6 11. e5 dxe5 12. Rxe5 Rd8 13. Qf3 Bb7 14. Bd3
Qc7 15. Re1 c5 16. Qe2 Rac8 17. Bc4 Qc6 18. f3 a6 19. Bd2 Bd6 20. Ne4 Nxe4 21.
fxe4 Be5 22. c3 Qd6 23. Bg5 Bxh2+ 24. Kh1 f6 25. Bh4 Be5 26. Qg4 Re8 27. Rad1
Qe7 28. Rd2 Rc6 29. Red1 Bc8 30. Bb3 Rd6 31. Qe2 Red8 32. Bf2 Rxd2 33. Rxd2
Rxd2 34. Qxd2 Bb8 35. Qe3 Bd6 36. Qd3 Kf7 37. Bg3 Bxg3 38. Qxg3 Bb7 39. Qe3 Qd6
40. Qe2 g6 41. Qe3 Kg7 42. Qh3 Bc8 43. Qe3 Qc6 44. Bc4 0-1

[Event "Privatkamp mot Eidsvoll april 2011"]
[Site "Bøn, Eidsvoll, Akershus NOR"]
[Date "2011.04.12"]
[Round "1"]
[Board "4"]
[White "Harmens, Johan C"]
[Black "Furnes, Torstein"]
[Result "0-1"]
[WhiteElo "1538"]
[BlackElo "1568"]
[Annotator "Furnes,Torstein"]
[PlyCount "126"]
[WhiteTeam "Eidsvoll sjakklubb"]
[BlackTeam "Follo sjakkforening"]

1. c4 Nf6 2. d4 e6 3. Nc3 d5 4. e3 Be7 5. Nf3 O-O 6. Be2 dxc4 7. Bxc4 c5 8. O-O
Nc6 9. a3 cxd4 10. Nxd4 ({Vanligere er} 10. exd4 {fulgt av b6 eller a6.}) 10...
Nxd4 11. Qxd4 Qxd4 12. exd4 Rd8 13. Be3 a6 14. Be2 h6 15. Rac1 b5 16. Bf3 Rb8
17. Bf4 Bd6 18. Bxd6 Rxd6 19. Ne2 Nd5 20. g3 Bb7 21. Bg2 Rbd8 22. Rc5 R6d7 23.
Rfc1 Ne7 24. Bxb7 Rxb7 25. Rc7 Rxc7 26. Rxc7 Nf5 27. Ra7 Nxd4 28. Nxd4 Rxd4 29.
Rxa6 g5 30. Rb6 Rd5 31. Kg2 g4 32. Rc6 Kg7 33. b4 Kf6 34. Rc3 h5 35. h3 Kf5 36.
hxg4+ hxg4 37. Kf1 Ke4 38. Ke2 Kd4 39. Rd3+ Kc4 40. Re3 e5 41. f3 gxf3+ 42.
Rxf3 Rd7 43. Re3 f6 {Så langt har vi spilt et relativt rolig og jevnt parti.
Fritz har ikke funnet forslag til trekk som er mer enn 0.5 poeng bedre enn det
som har blitt spilt. Men nå trår hvit feil:} 44. Kf3 $2 {
Svart får nå fremtvunget tårnbytte og vunnet sluttspill.} Rd3 45. g4 Rxe3+ 46.
Kxe3 Kb3 $2 {Velger feil plan i tidsnøden.} (46... Kd5 {vinner lett. F.eks.}
47. Kd3 e4+ 48. Ke3 Ke5 49. a4 bxa4 50. b5 a3 51. b6 Kd6 {osv}) 47. Ke4 Kxa3
48. Kf5 Kxb4 49. Kxf6 e4 50. g5 e3 51. g6 e2 52. g7 e1=Q 53. g8=Q {Da jeg i tre
kk 46 gikk inn i denne varianten håpet jeg selvsagt på å kunne fremtvinge
dronningbytte raskt og deretter gå inn med b-bonden. Men ifølge Fritz har ikke
svart i denne stillingen noen slik mulighet. Det hjelper heller ikke å prøve å
avansere med bonden. Sluttspilldatabaser slår fast at denne stillingen er
remis.} Qc3+ 54. Ke7 Qc7+ 55. Kf6 Qd6+ 56. Kf5 Qd3+ 57. Kf4 $2 {
Jeg har flaks og får byttet dronninger likevel. Ke5 eller Kf6 ville vært remis.
} Qc4+ 58. Qxc4+ bxc4 59. Ke3 Kc3 60. Ke2 Kc2 61. Ke1 Kc1 62. Ke2 c3 63. Ke1 c2
0-1

[Event "Privatkamp mot Eidsvoll april 2011"]
[Site "Bøn, Eidsvoll, Akershus NOR"]
[Date "2011.04.12"]
[Round "1"]
[Board "6"]
[White "Mannerud, Arne"]
[Black "Simonsen, Steinar"]
[Result "1-0"]
[WhiteElo "1588"]
[BlackElo "1287"]
[PlyCount "99"]
[EventDate "2011.04.12"]
[WhiteTeam "Eidsvoll sjakklubb"]
[BlackTeam "Follo sjakkforening"]

1. d4 {[%emt 0:00:00]} d5 2. Nf3 Nf6 3. e3 Nc6 4. b3 Bf5 5. a3 g6 6. Bb2 Bg7 7.
Bd3 e6 8. O-O Ne4 9. Nbd2 Nxd2 10. Qxd2 Be4 11. Qe2 Bxd3 12. cxd3 O-O 13. Rac1
Qd6 14. Rfd1 Rfe8 15. b4 a6 16. Qc2 Rac8 17. e4 e5 18. dxe5 Nxe5 19. Nxe5 Bxe5
20. Bxe5 Qxe5 21. f3 dxe4 22. dxe4 a5 23. Rd5 Qf4 24. Qc3 axb4 25. axb4 c6 26.
Rd7 Rc7 27. Rcd1 h5 28. g3 Rxd7 29. Rxd7 Qb8 30. Qd4 Qa8 31. f4 b5 32. Qf6 Rf8
33. f5 Qa3 34. Qd4 Qc1+ 35. Kg2 Qc2+ 36. Kg1 Qc1+ 37. Kf2 Ra8 38. Rd8+ Rxd8 39.
Qxd8+ Kg7 40. Qd4+ Kh6 41. h4 Qc2+ 42. Kf3 Qb3+ 43. Kf4 Kh7 44. fxg6+ Kxg6 45.
Qc5 Qe6 46. Qg5+ Kh7 47. Qxh5+ Qh6+ 48. Qxh6+ Kxh6 49. g4 Kg6 50. Ke5 1-0